2D game building for teens (Record no. 165319)
[ view plain ]
| 000 -LEADER | |
|---|---|
| fixed length control field | 01073nam a2200277Ia 4500 |
| 100 1# - MAIN ENTRY--AUTHOR NAME | |
| Personal name | Duggan, Michael. |
| 245 10 - TITLE STATEMENT | |
| Title | 2D game building for teens |
| 260 ## - PUBLICATION, DISTRIBUTION, ETC. (IMPRINT) | |
| Place of publication | Clifton Park, N.Y. : |
| Name of publisher | Delmar ; |
| Place of publication | London : |
| Name of publisher | Cengage Learning [distributor], |
| Year of publication | 2008. |
| 300 ## - PHYSICAL DESCRIPTION | |
| Number of Pages | 305 p. : |
| Other physical details | ill. |
| 650 #0 - SUBJECT ADDED ENTRY--TOPICAL TERM | |
| Topical Term | Computer games |
| Topical Term | Computers. |
| 856 40 - ELECTRONIC LOCATION AND ACCESS | |
| Uniform Resource Identifier | http://site.ebrary.com/lib/rucke/Doc?id=10314637 |
No items available.
